Historia de la cultura /

Guardado en:
Autor Principal: Weber, Alfred
Formato: Libro
Publicado: México : Fondo de cultura econ¢mica, 1968
Edición:9
Materias:
Etiquetas: Agregar Etiqueta
Sin Etiquetas, Sea el primero en etiquetar este registro!
LEADER 00481nam a22001815a 4500
001 CEM.cems006633
005 20060214000000.0
008 130507s1968##################000#0#####d
003 CEMS
082 0 4 |a 901 
100 1 |a Weber, Alfred 
245 1 0 |a Historia de la cultura / 
250 |a 9 
260 |a México :  |b Fondo de cultura econ¢mica,  |c 1968 
300 |a 358 
653 |a Historia 
653 |a Historia de la cultura 
859 |a CEMS  |b BIB. CEMS - 11 de abril  |h 901  |i W388a9  |p 3474.75  |t Ej.1